Carregant...

Hindu renaissance: Ways & means /

Dades bibliogràfiques
Autor principal: Ram Gopal
Format: Printed Book
Idioma:English
Publicat: NewDelhi: Hindu writers forum, 2005.
Edició:1st ed.
Matèries:
LEADER 00587cam a2200205ua 4500
008 080502t2005||||||||||| 001 ||eng c
041 0 |a eng 
082 |a 294.55  |b GOP/H 
100 0 |a Ram Gopal,  
245 0 0 |a Hindu renaissance: Ways & means /  
250 |a 1st ed. 
260 |a NewDelhi:  |b Hindu writers forum,  |c 2005. 
300 |a 121p.. 
362 1 |a 2005. 
365 |e pb 
500 |a Includes index. 
650 0 |a Hindu 
942 |c BK 
999 |c 18124  |d 18124 
952 |0 0  |1 0  |4 0  |6 294_550000000000000_GOP  |7 0  |9 18922  |a KUCL  |b KUCL  |d 2014-05-23  |l 0  |o 294.55 GOP/  |p G0603  |r 2014-05-23  |w 2014-05-23  |y BK